Normal view
MARC view
- Muqadas Baksh
Entry Personal Name
001 - CONTROL NUMBER
- control field: 104182
003 - CONTROL NUMBER IDENTIFIER
- control field: NUST
005 - DATE AND TIME OF LATEST TRANSACTION
- control field: 20221206100849.0
008 - FIXED-LENGTH DATA ELEMENTS
- fixed length control field: 221206|| aca||aabn | a|a d
040 ## - CATALOGING SOURCE
- Original cataloging agency: NUST
- Transcribing agency: NUST
100 ## - HEADING--PERSONAL NAME
- Personal name: Muqadas Baksh
670 ## - SOURCE DATA FOUND
- Source citation: Work cat.: (NUST): Muqadas Baksh., Computational Analysis of Gene Expression Pattern and Identification of Potential Therapeutic Against Malignant Pleural Mesothelioma:, 2022.
